01976cam a22003255a 45000010009000000050017000090080041000260200029000670200026000960400033001220500026001550820020001811000036002012450090002372500012003272600057003393000034003965000024004305040031004545200703004856500069011886500070012576500082013276510010014096530034014197000031014539420008014849990017014929520141015091747696620151012110446.0120927t2013 flua frb 001 0 eng d a9781439867990 (hardback) a1439867992 (hardback) aDLCcDLCdDLCdEG-ScBUEbeng00aQC385.2.D47bM35 201304a681.42222bMAL1 aMalacara, Daniel,d1937-93847810aHandbook of optical design /cDaniel Malacara-Hernandez, Zacarias Malacara-Hernandez. a3rd ed. aBoca Raton :bCRC Press / Taylor & Francis,cc.2013. axix, 549 p. :bill. ;c24 cm. aIndex : p. 533-549. aBibliography : p. 531-532. a"Infused with more than 500 tables and figures, this reference clearly illustrates the intricacies of optical system design and evaluation and considers key aspects of component selection, optimization, and integration for the development of effective optical apparatus. The book provides a much-needed update on the vanguard in the field with vivid explanations of computer-aided strategies and developments essential for success in the engineering of modern optical structures. It analyzes the performance of a wide range of optical materials, components, and systems, from simple magnifiers to complex lenses used in photography, ophthalmology, telescopes, microscopes, and projection systems"-- 0aLensesxDesign and constructionvHandbooks, manuals, etc.2BUEsh 0aMirrorsxDesign and constructionvHandbooks, manuals, etc.2BUEsh 0aOptical instrumentsxDesign and constructionvHandbooks, manuals, etc.2BUEsh 2BUEsh bENGELCcJune2015cOctober20151 aMalacara, Zacarias,d1948- 2ddc c19623d19595 00102ddc40708AlahramaMAINbMAINc1STd2015-06-11ePurchaseg933.00h337l0o681.42 MALp000038609r2025-07-15 00:00:00v1166.25yBB